| 000 | 00790cam a22002174a 4500 | ||
|---|---|---|---|
| 005 | 20250605164002.0 | ||
| 008 | 250528s ||||||||||||||||||||||||d | ||
| 035 | _a15682 | ||
| 020 | _a39577716 | ||
| 040 |
_aGR-AtMCL _bgre _dGR-AtMCL _eAACR2 |
||
| 245 | 1 | _aEconomics / Third Edition | |
| 250 | _a3rd | ||
| 260 |
_bHoughton Mifflin Company, _c1996 |
||
| 300 | _a1074 | ||
| 520 | _aIntroduction to the Price System, Macroeconomic Basis, Macroeconomic Policy, Economic Growth and Development, Product Market Basics, Product Markets, Resource Markets, Current Issues Involving the Public Sector and the Market Economy, Issues in International Trade and Finance. | ||
| 700 | 1 |
_aBoyes William _91650 |
|
| 700 | 1 |
_aMelvin Michael _91651 |
|
| 942 | _cBK | ||
| 999 |
_c1244 _d1244 |
||